[Event "XIII TCh-RUS 1st League"]
[Site "Sochi RUS"]
[Date "2006.04.20"]
[Round "1"]
[White "Belozerov,A"]
[Black "Burmakin,V"]
[Result "1/2-1/2"]
[WhiteElo "2538"]
[BlackElo "2541"]
[EventDate "2006.04.20"]

1. d4 d5 2. c4 c6 3. Nc3 Nf6 4. e3 g6 5. Nf3 Bg7 6. Be2 O-O 7. O-O b6 8. b4
dxc4 9. Bxc4 Nd5 10. Qb3 Nxc3 11. Qxc3 a5 12. Bb2 axb4 13. Qxb4 c5 14. Qd2
Nc6 15. Rfd1 cxd4 16. Nxd4 Nxd4 17. Bxd4 Bxd4 18. Qxd4 Qxd4 19. Rxd4 Ba6
20. Bb3 Rfd8 21. Rad1 Rxd4 22. Rxd4 Rc8 23. h4 h5 24. f3 Rc6 25. Kf2 Kf8
26. e4 Bc8 27. Ke3 Be6 28. Bxe6 Rxe6 29. Rd8+ Kg7 30. Rb8 Rd6 31. Rb7 e6
32. f4 Kg8 33. a4 Kf8 34. e5 Rc6 35. Kd3 Ke8 36. Rb8+ Kd7 37. Rb7+ Ke8 38.
g3 Kf8 39. Rb8+ Ke7 40. Rb7+ Kf8 41. Kd4 Ke8 42. Ra7 Rc1 43. Ra6 Rb1 44.
Kc4 Ke7 45. Ra7+ Kf8 46. Rb7 Ke8 47. Rb8+ Kd7 48. Rb7+ Ke8 49. Rb8+ 1/2-1/2

[Event "XIII TCh-RUS 1st League"]
[Site "Sochi RUS"]
[Date "2006.04.20"]
[Round "1"]
[White "Goloshchapov,A"]
[Black "Maslak,K"]
[Result "1-0"]
[WhiteElo "2556"]
[BlackElo "2549"]
[EventDate "2006.04.20"]

1. e4 e6 2. d4 d5 3. Nc3 dxe4 4. Nxe4 Nd7 5. Nf3 Ngf6 6. Nxf6+ Nxf6 7. c3
Be7 8. Bd3 O-O 9. Qe2 b6 10. Bf4 Bb7 11. O-O-O Bxf3 12. Qxf3 Qd5 13. Qxd5
Nxd5 14. Be5 Bd6 15. Rhe1 Rad8 16. Kc2 Nf4 17. Be4 Ng6 18. Bxd6 Rxd6 19. b4
f5 20. Bd3 Kf7 21. g3 Kf6 22. Bc4 Rfd8 23. f4 Ne7 24. Re5 Nd5 25. Rde1 c6
26. a4 Rc8 27. h3 g6 28. Kb3 Nc7 29. g4 a6 30. Kb2 b5 31. axb5 axb5 32. Bb3
Ra8 33. g5+ Kf7 34. h4 Nd5 35. Rf1 h6 36. Ree1 Rdd8 37. Bxd5 cxd5 38. Ra1
hxg5 39. hxg5 Rh8 40. Ra5 Ke7 41. Rfa1 Rad8 42. Rxb5 Rh2+ 43. Kb3 Rf2 44.
Rh1 Rd7 45. Rh4 Rf1 46. Rb6 Rf2 47. b5 Rf1 48. Kb4 Rc1 49. Rh3 Rb1+ 50. Kc5
Rb3 51. Re3 Kf7 52. Rbxe6 Rc7+ 53. Rc6 1-0

[Event "XIII TCh-RUS 1st League"]
[Site "Sochi RUS"]
[Date "2006.04.20"]
[Round "1"]
[White "Kolesnikov,E"]
[Black "Tseshkovsky,V"]
[Result "0-1"]
[WhiteElo "2381"]
[BlackElo "2572"]
[EventDate "2006.04.20"]

1. d4 e6 2. c4 Bb4+ 3. Nc3 f5 4. g3 Nf6 5. Bg2 O-O 6. Nf3 d6 7. O-O Bxc3 8.
bxc3 Qe8 9. Nd2 e5 10. c5 dxc5 11. Qb3+ Kh8 12. Bxb7 Bxb7 13. Qxb7 Nc6 14.
dxe5 Rb8 15. Qa6 Rb6 16. Qa3 Nxe5 17. Qxc5 f4 18. Ba3 Rg8 19. Qxc7 Qh5 20.
Qxa7 Nfg4 21. h4 Qh6 22. Qe7 fxg3 23. f4 g2 24. Kxg2 Ne3+ 25. Kh3 Qc6 26.
Rf2 Qc8+ 27. f5 Qxc3 28. Rc1 Qd4 29. Rg1 Nd5 30. Qc5 Qxd2 31. e4 Nf4+ 32.
Kh2 Nf3+ 33. Kg3 Ne2+ 34. Kxf3 Nxg1+ 35. Kg2 Qd8 36. Kxg1 Rb1+ 37. Rf1 Qd3
38. Rxb1 Qxb1+ 39. Kf2 Qxe4 0-1

[Event "XIII TCh-RUS 1st League"]
[Site "Sochi RUS"]
[Date "2006.04.20"]
[Round "1"]
[White "Bachin,V"]
[Black "Yurtaev,L"]
[Result "0-1"]
[WhiteElo "2490"]
[BlackElo "2519"]
[EventDate "2006.04.20"]

1. e4 c5 2. Nc3 e6 3. f4 d5 4. exd5 exd5 5. Bb5+ Nc6 6. Nf3 Nf6 7. O-O Be7
8. Ne5 O-O 9. Bxc6 bxc6 10. Nxc6 Qc7 11. Nxe7+ Qxe7 12. d4 Re8 13. a4 Ba6
14. Nb5 Ne4 15. Ra3 Rac8 16. f5 cxd4 17. f6 Qc5 18. Rd3 Nxf6 19. Bg5 Ne4
20. Qg4 Re6 21. Qf5 Rf8 22. Bh4 Nd6 23. Nxd6 Qxd6 24. Bf2 Rf6 25. Qg4 Bxd3
26. cxd3 Rf4 27. Qg3 Re8 28. Rc1 Qf6 29. h3 h5 30. Rc6 Qf5 0-1

[Event "XIII TCh-RUS 1st League"]
[Site "Sochi RUS"]
[Date "2006.04.20"]
[Round "1"]
[White "Babiy,A"]
[Black "Barskij,V"]
[Result "0-1"]
[WhiteElo "2474"]
[BlackElo "2430"]
[EventDate "2006.04.20"]

1. d4 Nf6 2. Nf3 e6 3. c4 b6 4. g3 Bb4+ 5. Bd2 a5 6. Bg2 Bb7 7. O-O O-O 8.
Bf4 Be7 9. Nc3 d6 10. Qc2 Nh5 11. Ng5 Bxg5 12. Bxg5 Qc8 13. e4 Nc6 14. Rad1
e5 15. dxe5 dxe5 16. Qe2 g6 17. Nd5 f6 18. Be3 Rf7 19. f4 exf4 20. gxf4 Nb4
21. Nc3 Qf8 22. a3 Na6 23. Nd5 Re8 24. Bd4 Nc5 25. Qc2 Ne6 26. Be3 g5 27.
fxg5 fxg5 28. e5 Bxd5 29. cxd5 Nef4 30. e6 Rf6 31. Qxc7 Ne2+ 32. Kh1 Nhg3+
33. Qxg3 Nxg3+ 34. hxg3 Rxf1+ 35. Rxf1 Qd6 36. Bxg5 Qxg3 37. Bf6 Qg6 38.
Rf3 h5 39. Kh2 Kh7 40. Rf4 Qc2 41. Kh3 Kh6 42. Be4 Qc7 43. Rf5 Qc4 44. Rf4
Qc7 45. Rf5 Qc4 46. Rf4 Qc5 47. Bg2 Qc7 48. Re4 Rg8 49. Be5 Qc2 50. Bf3 Qf2
51. Bf4+ Kg6 52. Re3 Kf5 53. Be4+ Kf6 54. Bh6 Ke7 55. d6+ Kxd6 56. e7 h4
57. e8=N+ Rxe8 58. Rf3 Qg1 59. Bf4+ Ke7 60. Bh2 Qd4 61. Bg6 Rf8 62. Rd3
Qxd3+ 63. Bxd3 Rf3+ 64. Kxh4 Rxd3 65. Be5 Ke6 66. Bg7 Kd5 0-1

[Event "XIII TCh-RUS 1st League"]
[Site "Sochi RUS"]
[Date "2006.04.20"]
[Round "1"]
[White "Vorobiov,E"]
[Black "Kosyrev,V"]
[Result "1-0"]
[WhiteElo "2540"]
[BlackElo "2546"]
[EventDate "2006.04.20"]

1. e4 e6 2. d4 d5 3. Nd2 Nf6 4. e5 Nfd7 5. c3 c5 6. Bd3 Nc6 7. Ndf3 cxd4 8.
cxd4 f6 9. exf6 Nxf6 10. Nh3 Bd6 11. O-O O-O 12. Re1 h6 13. Nf4 Bxf4 14.
Bxf4 Ne4 15. Bg3 Nxg3 16. hxg3 Qb6 17. Bc2 Rf6 18. Qd3 Bd7 19. Qh7+ Kf7 20.
Re3 Rf8 21. Ba4 Qxb2 22. Rb1 Qxa2 23. Rxb7 Qxa4 24. Rxd7+ Ne7 25. Rb7 Ke8
26. Qxg7 R6f7 27. Qxh6 Rf6 28. Qh7 R6f7 29. Qb1 Qa6 30. Rb8+ Nc8 31. Rc3
Ke7 32. Qc1 1-0

[Event "XIII TCh-RUS 1st League"]
[Site "Sochi RUS"]
[Date "2006.04.20"]
[Round "1"]
[White "Kazhgaleyev,M"]
[Black "Evdokimov,Alexa"]
[Result "1-0"]
[WhiteElo "2600"]
[BlackElo "2486"]
[EventDate "2006.04.20"]

1. d4 Nf6 2. c4 c5 3. d5 g6 4. Nc3 Bg7 5. e4 O-O 6. h3 d6 7. Bd3 e6 8. Nf3
exd5 9. exd5 Qe7+ 10. Be3 Bh6 11. Qd2 Bxe3 12. Qxe3 Re8 13. Qxe7 Rxe7+ 14.
Kd2 Bd7 15. Ng5 Na6 16. Nge4 Ne8 17. Rae1 Kf8 18. g4 h6 19. a3 f5 20. Ng3
Ng7 21. gxf5 gxf5 22. Reg1 Nc7 23. Nge2 Kg8 24. Rg6 Kh7 25. Rhg1 Nce8 26.
Nf4 a6 27. Nd1 b5 28. Ne3 bxc4 29. Nxc4 Rb8 30. Kc3 Ba4 31. Ne6 Rxe6 32.
dxe6 d5 33. Ne5 Rb3+ 34. Kd2 c4 35. Bb1 Rxb2+ 36. Kc1 Rxf2 37. Nd7 Rf1+ 38.
Kd2 Rxg1 39. Rxg1 d4 40. Ne5 Nd6 41. e7 Bb5 42. Ba2 a5 43. Rc1 Nge8 44. a4
Ba6 45. Kc2 f4 46. Rf1 d3+ 47. Kd1 Bc8 48. Rxf4 Bxh3 49. Nxc4 Nf5 50. Ne5
Ne3+ 51. Kd2 1-0

[Event "XIII TCh-RUS 1st League"]
[Site "Sochi RUS"]
[Date "2006.04.20"]
[Round "1"]
[White "Lushenkov,M"]
[Black "Danin,A"]
[Result "1/2-1/2"]
[WhiteElo "2368"]
[BlackElo "2432"]
[EventDate "2006.04.20"]

1. d4 Nf6 2. c4 g6 3. Nc3 d5 4. cxd5 Nxd5 5. Bd2 Bg7 6. e4 Nb6 7. Be3 O-O
8. h3 f5 9. exf5 Bxf5 10. Nf3 Kh8 11. Qb3 a5 12. Ne5 Nc6 13. Nxc6 bxc6 14.
Be2 Bxd4 15. Bxd4+ Qxd4 16. O-O Qb4 17. Bf3 Rad8 18. Rfd1 Rxd1+ 19. Rxd1
Bxh3 20. Qxb4 axb4 21. Ne4 Be6 22. Nc5 Bd5 23. Bxd5 cxd5 24. Na6 b3 25.
axb3 c6 26. Re1 Nc8 27. Nb4 Rf6 28. Ra1 Nb6 29. Rc1 Rf4 30. Nxc6 Re4 31.
Kf1 Kg7 32. Rc5 Re6 33. b4 Na4 34. Rc2 Nxb2 35. Nd4 Re4 36. Rxb2 Rxd4 37.
b5 Rc4 38. b6 Rc8 39. b7 Rb8 40. Ke2 Kf7 41. Ke3 Ke6 42. Kd4 Kd6 43. Rb6+
Kc7 44. Re6 Kd7 45. Rb6 Kc7 1/2-1/2

[Event "XIII TCh-RUS 1st League"]
[Site "Sochi RUS"]
[Date "2006.04.20"]
[Round "1"]
[White "Gubajdullin,A"]
[Black "Petukhov,D"]
[Result "1-0"]
[WhiteElo "2413"]
[BlackElo "2315"]
[EventDate "2006.04.20"]

1. Nf3 Nf6 2. c4 g6 3. Nc3 Bg7 4. e4 O-O 5. d4 d6 6. h3 c6 7. Bg5 Qc7 8.
Be2 Nbd7 9. O-O e5 10. d5 a6 11. b4 c5 12. a3 h6 13. Be3 b6 14. Qd2 Kh7 15.
Rac1 Ng8 16. Ne1 f5 17. exf5 gxf5 18. f4 e4 19. g3 Ndf6 20. Ng2 Qf7 21. Na4
Rb8 22. bxc5 bxc5 23. Rb1 Bd7 24. Nb6 Be8 25. a4 Qa7 26. a5 Rf7 27. Nh4 Nd7
28. Bh5 Rf8 29. Bxe8 Rbxe8 30. Nxd7 Qxd7 31. Rb6 Bf6 32. Rfb1 Bd8 33. Rb7
Bc7 34. Bxc5 dxc5 35. d6 Rb8 36. dxc7 1-0

[Event "XIII TCh-RUS 1st League"]
[Site "Sochi RUS"]
[Date "2006.04.20"]
[Round "1"]
[White "Zontakh,A"]
[Black "Chernyshov,K"]
[Result "0-1"]
[WhiteElo "2553"]
[BlackElo "2544"]
[EventDate "2006.04.20"]

1. c4 b6 2. d4 Bb7 3. Nc3 e6 4. a3 f5 5. d5 Nf6 6. g3 Bd6 7. Bg2 a5 8. Nh3
Na6 9. O-O Nc5 10. Qc2 O-O 11. Rb1 Qe7 12. Be3 exd5 13. cxd5 Nce4 14. Rfd1
Rae8 15. Bf4 Bxf4 16. Nxe4 fxe4 17. Nxf4 Qe5 18. d6 g5 19. Nh3 c6 20. b4
Ba6 21. bxa5 bxa5 22. Rb6 Bc8 23. Rb3 Nd5 24. e3 Ba6 25. Rd4 Bd3 26. Qd2
Nf6 27. Rbxd3 exd3 28. Qxd3 Rb8 29. Bf1 Rb2 30. Ra4 Kg7 31. Qa6 Ne4 32.
Rxe4 Qxe4 33. Qxa5 Qf5 34. Qc3+ Qf6 35. Qe1 Ra2 36. e4 Qxd6 37. Qc3+ Qf6
38. e5 Qf3 39. Qd4 Qd5 40. Qg4 h6 41. Nf4 Qd2 42. Kh1 Rf7 43. Be2 Qe1+ 44.
Kg2 Rxe2 45. Qxe2 Qxe2 46. Nxe2 Rf8 47. f4 Ra8 48. Kf3 Rxa3+ 49. Ke4 Ra2
50. Ke3 gxf4+ 51. gxf4 Rxe2+ 52. Kxe2 Kg6 0-1

[Event "XIII TCh-RUS 1st League"]
[Site "Sochi RUS"]
[Date "2006.04.20"]
[Round "1"]
[White "Sergienko,S"]
[Black "Chebotarev,O"]
[Result "0-1"]
[WhiteElo "2456"]
[BlackElo "2493"]
[EventDate "2006.04.20"]

1. d4 d5 2. c4 e6 3. Nc3 Be7 4. Nf3 Nf6 5. Bg5 h6 6. Bxf6 Bxf6 7. cxd5 exd5
8. e3 O-O 9. Bd3 c6 10. O-O a5 11. a3 Na6 12. Rb1 Nc7 13. Qc2 Re8 14. Na4
Nb5 15. Bxb5 cxb5 16. Nc3 b4 17. Na4 Bg4 18. Nd2 Be7 19. h3 Be2 20. Rfe1
Rc8 21. Nc5 Bb5 22. Qb3 b6 23. Na4 Rc6 24. Nf3 Bd6 25. axb4 axb4 26. Nc3
Bc4 27. Qa4 Rc8 28. Ne2 b3 29. Ra1 b5 30. Qa6 Bb4 31. Nc3 Bxc3 32. bxc3 b4
0-1

[Event "XIII TCh-RUS 1st League"]
[Site "Sochi RUS"]
[Date "2006.04.20"]
[Round "1"]
[White "Slugin,S"]
[Black "Kostin,Alexe"]
[Result "1/2-1/2"]
[WhiteElo "2411"]
[BlackElo "2420"]
[EventDate "2006.04.20"]

1. e4 c5 2. Nf3 e6 3. c3 Nf6 4. e5 Nd5 5. Bc4 d6 6. d4 cxd4 7. cxd4 Nc6 8.
O-O Be7 9. Qe2 O-O 10. Nc3 Nxc3 11. bxc3 dxe5 12. dxe5 b6 13. Bd3 Bb7 14.
h4 Qc7 15. Re1 Na5 16. Ng5 h6 17. Bf4 hxg5 18. Qh5 g6 19. Bxg6 fxg6 20.
Qxg6+ 1/2-1/2

[Event "XIII TCh-RUS 1st League"]
[Site "Sochi RUS"]
[Date "2006.04.20"]
[Round "1"]
[White "Gladyszev,O"]
[Black "Provotorov,I"]
[Result "1-0"]
[WhiteElo "2430"]
[BlackElo "2333"]
[EventDate "2006.04.20"]

1. d4 Nf6 2. c4 e6 3. Nc3 d5 4. cxd5 exd5 5. Bg5 Bb4 6. e3 Qd6 7. Bf4 Qe7
8. Bd3 c5 9. dxc5 Bxc3+ 10. bxc3 Qxc5 11. Ne2 Nc6 12. O-O O-O 13. Rb1 Qe7
14. Nd4 Ne5 15. Nf5 Qe6 16. Nd4 Qe7 17. Nf5 Qe6 18. Bc2 Ne4 19. Bxe4 dxe4
20. Nd4 Qe7 21. Bxe5 Qxe5 22. Qa4 b6 23. Rbd1 Bg4 24. Rd2 Rfc8 25. h3 Be6
26. Nxe6 Qxe6 27. Rd4 Qc6 28. Rd8+ 1-0

[Event "XIII TCh-RUS 1st League"]
[Site "Sochi RUS"]
[Date "2006.04.20"]
[Round "1"]
[White "Smikovski,I"]
[Black "Ionov,S"]
[Result "1/2-1/2"]
[WhiteElo "2549"]
[BlackElo "2519"]
[EventDate "2006.04.20"]

1. e4 c5 2. Nf3 d6 3. d4 cxd4 4. Nxd4 Nf6 5. Nc3 a6 6. Be3 e5 7. Nb3 Be6 8.
f3 Nbd7 9. g4 Nb6 10. g5 Nh5 11. Qd2 Be7 12. O-O-O O-O 13. Kb1 Rc8 14. Rg1
Qc7 15. Qf2 Nc4 16. Bxc4 Qxc4 17. f4 exf4 18. Bxf4 Nxf4 19. Qxf4 g6 20. h4
f6 21. Qg3 fxg5 22. hxg5 Rf7 23. Nd4 Bf8 24. Rh1 Rc5 25. Rd3 Re5 26. Nf3
Ra5 27. Nd4 Re5 28. Nf3 Ra5 29. Nd4 1/2-1/2

[Event "XIII TCh-RUS 1st League"]
[Site "Sochi RUS"]
[Date "2006.04.20"]
[Round "1"]
[White "Anisimov,P"]
[Black "Sambuev,B"]
[Result "1-0"]
[WhiteElo "2500"]
[BlackElo "2489"]
[EventDate "2006.04.20"]

1. e4 e6 2. d4 d5 3. Nd2 c5 4. Ngf3 Nf6 5. exd5 exd5 6. Bb5+ Bd7 7. Bxd7+
Nbxd7 8. O-O Be7 9. dxc5 Nxc5 10. Nb3 Nce4 11. Nfd4 Qd7 12. f3 Nd6 13. Nc5
Qc8 14. Nd3 O-O 15. Be3 Re8 16. Bf2 Bf8 17. b3 Nf5 18. Qd2 g6 19. Nxf5 Qxf5
20. Rfe1 a6 21. Bd4 Bg7 22. Qb4 Rac8 23. Rxe8+ Nxe8 24. Re1 b5 25. Bf2 Nf6
26. Re2 Rc6 27. a4 Bf8 28. Qa5 bxa4 29. Qxa4 Qc8 30. Qf4 Bg7 31. Nb4 Re6
32. Rxe6 fxe6 33. Qd6 h6 34. Qxa6 Qc3 35. Qxe6+ Kh7 36. Qe1 Qb2 37. Qd1 Qa3
38. Nd3 Qd6 39. g3 d4 40. Nf4 Nd7 41. c3 g5 42. Nh5 Ne5 43. cxd4 Qd5 44.
Qc2+ 1-0

[Event "XIII TCh-RUS 1st League"]
[Site "Sochi RUS"]
[Date "2006.04.20"]
[Round "1"]
[White "Slizhevsky,A"]
[Black "Lanin,A"]
[Result "0-1"]
[WhiteElo "2435"]
[BlackElo "2447"]
[EventDate "2006.04.20"]

1. e4 c5 2. Nf3 d6 3. d4 cxd4 4. Nxd4 Nf6 5. Nc3 a6 6. Be3 Ng4 7. Bc1 Nf6
8. Be2 e5 9. Nb3 Be7 10. Bg5 O-O 11. Bxf6 Bxf6 12. Qd3 Be6 13. O-O-O Qb6
14. Rhf1 Rd8 15. Nd5 Bxd5 16. Qxd5 Nc6 17. Bc4 Qc7 18. Qd2 a5 19. Kb1 a4
20. Nc1 Nd4 21. Bd5 a3 22. b3 Rac8 23. c4 b5 24. Ne2 bxc4 25. Bxc4 Qb8 26.
Qd3 d5 27. Bxd5 Rxd5 28. exd5 e4 29. Qxd4 Bxd4 30. Rxd4 Qxh2 31. d6 Rd8 32.
Rc1 Qxg2 33. Rc2 Qxf2 34. Rd1 h5 35. d7 Qf5 36. Ng3 Qg4 37. Rd5 Rxd7 38.
Rc8+ Kh7 39. Rxh5+ Kg6 40. Rc6+ f6 0-1

[Event "XIII TCh-RUS 1st League"]
[Site "Sochi RUS"]
[Date "2006.04.20"]
[Round "1"]
[White "Ivanov,Al3"]
[Black "Abasheev,D"]
[Result "1/2-1/2"]
[WhiteElo "2375"]
[BlackElo "2440"]
[EventDate "2006.04.20"]

1. e4 c5 2. Nf3 Nc6 3. d4 cxd4 4. Nxd4 Nf6 5. Nc3 e5 6. Ndb5 d6 7. Bg5 a6
8. Na3 b5 9. Bxf6 gxf6 10. Nd5 Bg7 11. c3 f5 12. exf5 Bxf5 13. Nc2 Be6 14.
g3 Ne7 15. Bg2 Nxd5 16. Bxd5 O-O 17. Ne3 Rb8 18. O-O b4 19. c4 Kh8 20. Qh5
Qc8 21. g4 Rg8 22. Be4 h6 23. Nf5 Bxf5 24. Qxf5 Qxf5 25. Bxf5 e4 26. Rad1
b3 27. axb3 Be5 28. f4 exf3 29. Rxf3 Rb6 30. Rd2 Rgb8 31. Bc2 Kg7 32. Bd1
R8b7 33. h3 Bf6 34. Rfd3 Be5 35. Kg2 Rc7 36. Kf3 Re7 37. Rd5 Re6 38. Ra5
Re7 39. Re2 Re6 40. Rd2 Re7 41. Ra4 Kf8 42. Re2 Bf6 43. Rxe7 1/2-1/2

[Event "XIII TCh-RUS 1st League"]
[Site "Sochi RUS"]
[Date "2006.04.20"]
[Round "1"]
[White "Obolenskikh,D"]
[Black "Smirnov,Arte"]
[Result "1-0"]
[WhiteElo "2458"]
[BlackElo "2392"]
[EventDate "2006.04.20"]

1. e4 c5 2. Nf3 Nc6 3. d4 cxd4 4. Nxd4 Nf6 5. Nc3 d6 6. f3 e5 7. Nb3 Be6 8.
Nd5 Be7 9. c4 O-O 10. Be3 Nd7 11. Be2 Bg5 12. Bf2 a5 13. O-O a4 14. Nc1 Nc5
15. Nd3 Nd4 16. Bxd4 exd4 17. f4 Bh6 18. Nxc5 dxc5 19. Bd3 g6 20. Qf3 f5
21. exf5 Bxf5 22. Bxf5 Rxf5 23. Rae1 Rf7 24. Re6 Ra6 25. Rxa6 bxa6 26. Qh3
Bg7 27. Qe6 Qd7 28. Qb6 d3 29. Qxc5 Qa7 30. Qxa7 Rxa7 31. Rb1 Rb7 32. Kf2
Bxb2 33. Ke1 a3 34. Kd2 g5 35. f5 g4 36. Kxd3 Kf7 37. c5 Rb8 38. c6 Rc8 39.
c7 Be5 40. Re1 Bd6 41. Re6 Bxh2 42. Re7+ Kg8 43. Rd7 1-0

[Event "XIII TCh-RUS 1st League"]
[Site "Sochi RUS"]
[Date "2006.04.20"]
[Round "1"]
[White "Lovkov,R"]
[Black "Dashibalov,E"]
[Result "1-0"]
[WhiteElo "2371"]
[BlackElo "2256"]
[EventDate "2006.04.20"]

1. d4 Nf6 2. c4 e6 3. Nf3 b6 4. g3 Ba6 5. b3 Bb4+ 6. Bd2 Be7 7. Nc3 O-O 8.
Qc2 d5 9. cxd5 exd5 10. Bg2 c5 11. dxc5 bxc5 12. Ne5 Bd6 13. Nd3 Nc6 14.
Bg5 Be7 15. O-O Nd4 16. Qd1 Ne6 17. Bxf6 Bxf6 18. Rc1 Bxc3 19. Rxc3 Qd6 20.
Qc1 Rac8 21. Rd1 Rfd8 22. e3 h6 23. Nb2 Qe5 24. Nd3 Qd6 25. Rc2 Rc7 26. Nb2
Qe5 27. f4 Qh5 28. Rcd2 Rcd7 29. Nd3 Bxd3 30. Rxd3 Rd6 31. e4 Nd4 32. Qxc5
Ne2+ 33. Kf2 Rf6 34. Qc2 Nxf4 35. gxf4 Rxf4+ 36. Kg1 d4 1-0

[Event "XIII TCh-RUS 1st League"]
[Site "Sochi RUS"]
[Date "2006.04.20"]
[Round "1"]
[White "Lastin,A"]
[Black "Yudin,S"]
[Result "1/2-1/2"]
[WhiteElo "2610"]
[BlackElo "2442"]
[EventDate "2006.04.20"]

1. d4 d5 2. c4 e6 3. Nc3 c6 4. e4 dxe4 5. Nxe4 Bb4+ 6. Bd2 Qxd4 7. Bxb4
Qxe4+ 8. Be2 Na6 9. Ba5 f6 10. Nf3 b6 11. Nd2 Qf4 12. Bh5+ g6 13. Bf3 Qe5+
14. Kf1 Qc7 15. Bc3 e5 16. Ne4 Kf7 17. b4 Ne7 18. g4 Rd8 19. Qe2 Be6 20.
Kg2 b5 21. Qe3 Bxc4 22. Qh6 Nd5 23. Qxh7+ Kf8 24. Qh8+ Kf7 25. Qh7+ Kf8
1/2-1/2

[Event "XIII TCh-RUS 1st League"]
[Site "Sochi RUS"]
[Date "2006.04.20"]
[Round "1"]
[White "Kuligin,E"]
[Black "Rustemov,A"]
[Result "1/2-1/2"]
[WhiteElo "2334"]
[BlackElo "2565"]
[EventDate "2006.04.20"]

1. e4 e6 2. d4 d5 3. Nc3 Bb4 4. exd5 exd5 5. Bd3 Nc6 6. Nge2 Nge7 7. O-O
Bf5 8. Bf4 Qd7 9. Nb5 Ba5 10. c3 O-O 11. Na3 Rae8 12. Nc2 Nd8 13. Ne3 Bg6
14. Bg3 Ne6 15. Bh4 Bxd3 16. Qxd3 f6 17. Rae1 c6 18. Nf5 Nxf5 19. Qxf5 g6
20. Qc2 Bb6 21. Nc1 Ng7 22. Rxe8 Qxe8 23. Nd3 Nf5 24. Re1 Qd7 25. Bg3 Re8
26. Rxe8+ Qxe8 27. Kf1 h5 28. Qe2 Qd7 29. Bf4 Kf7 30. h3 h4 31. Ke1 Bd8 32.
Kd1 Be7 33. Qg4 Qe6 34. Qe2 Qe4 35. f3 Qxe2+ 36. Kxe2 Ng7 37. Bb8 a6 38.
Bf4 Ne6 39. Bh2 Ke8 40. Nf4 Nf8 41. Nd3 Kd7 42. Bf4 Ne6 43. Be3 Ng7 44. Bf2
Nf5 45. Be1 b6 46. Bf2 Ke6 47. Nf4+ Kf7 48. Nd3 Kg7 49. Be3 Ng3+ 50. Ke1
Bd6 51. Bf2 Nf5 52. Ke2 Kh6 53. Be3+ g5 54. Bf2 Kg6 55. Bg1 Ng7 56. Bf2 Ne6
57. b3 Kf5 58. Be3 Nf8 59. Bf2 Nd7 60. Be3 Nf8 61. Bf2 Ne6 62. Be3 Kg6 63.
Bf2 f5 64. Be3 Kh5 65. Kf1 Kg6 66. Ke2 Kf6 67. Bf2 Ke7 68. Be3 Kf6 69. Bf2
a5 70. Be3 Kg6 71. Kf1 Kf6 72. Ke2 b5 73. a4 f4 74. Bf2 Ke7 75. Nc5 Ng7 76.
Kd3 Nf5 77. Bg1 Bc7 78. Kd2 Bb6 79. Nd3 bxa4 80. bxa4 Bc7 81. Bf2 Kd7 82.
Nc5+ Kc8 83. Nd3 Bd6 84. Kc2 Kc7 85. Nc5 Be7 86. Nd3 Nd6 87. Ne5 Bf6 88.
Nd3 Nc4 89. Nb2 Nd6 90. Nd3 Nf5 91. Nc5 Be7 92. Nd3 Bd6 93. Nc5 Be7 94. Nd3
Nd6 95. Bg1 Nc4 96. Nb2 Nb6 97. Kb3 Nd7 98. Nd3 Kd6 99. Nc5 Nb6 100. Nb7+
Kc7 101. Nxa5 Nd7 102. Kc2 Nb6 103. Kb3 Nd7 104. Kc2 Nb6 105. Kb3 Nd7 106.
Kc2 1/2-1/2

[Event "XIII TCh-RUS 1st League"]
[Site "Sochi RUS"]
[Date "2006.04.20"]
[Round "1"]
[White "Bocharov,D"]
[Black "Pogromsky,M"]
[Result "1-0"]
[WhiteElo "2559"]
[BlackElo "2363"]
[EventDate "2006.04.20"]

1. d4 Nf6 2. c4 e6 3. Nf3 b6 4. Nc3 Bb4 5. Qb3 c5 6. Bg5 Bb7 7. e3 O-O 8.
a3 Bxc3+ 9. Qxc3 cxd4 10. Nxd4 Nc6 11. Nxc6 Bxc6 12. Qd4 d5 13. Rd1 dxc4
14. Qxc4 Bd5 15. Qa4 h6 16. Bh4 Qc7 17. f3 Rfd8 18. Be2 Bc6 19. Rxd8+ Rxd8
20. Qc2 Rd7 21. Bg3 Qb7 22. O-O Qa8 23. Rc1 Bb7 24. e4 Qd8 25. Bc7 Qc8 26.
Bb5 Rd4 27. Qc3 e5 28. Bxe5 Qxc3 29. Rxc3 Rd1+ 30. Kf2 Rd2+ 31. Kg3 Rxb2
32. a4 Nh5+ 33. Kh4 Rxg2 34. Rc7 a6 35. Bc4 1-0

[Event "XIII TCh-RUS 1st League"]
[Site "Sochi RUS"]
[Date "2006.04.20"]
[Round "1"]
[White "Shestakov,D"]
[Black "Ovetchkin,R"]
[Result "0-1"]
[WhiteElo "2262"]
[BlackElo "2548"]
[EventDate "2006.04.20"]

1. d4 Nf6 2. c4 e6 3. Nf3 d5 4. Nc3 c6 5. Bg5 h6 6. Bxf6 Qxf6 7. e3 g6 8.
Ne5 Nd7 9. f4 Bg7 10. Bd3 O-O 11. O-O dxc4 12. Bxc4 Qe7 13. Qf3 Nb6 14. Bb3
Bd7 15. Rad1 Rfd8 16. Ne4 Be8 17. Nc5 Kh7 18. Kh1 Nc8 19. Rc1 Nd6 20. Rfd1
Rac8 21. Ncd3 Nf5 22. Ba4 f6 23. Ng4 h5 24. Ngf2 e5 25. dxe5 fxe5 26. fxe5
Bxe5 27. Bc2 Bg7 28. Re1 Bd7 29. Rcd1 Nh4 30. Qe4 Re8 31. Qxe7 Rxe7 32. Nc5
Be8 33. b3 Bf7 34. Nh3 Bh6 35. Ne4 Kg7 36. Nd6 Rf8 37. Nf4 Bd5 38. Nxd5
cxd5 39. g3 Nf3 40. Re2 Rxe3 41. Rxe3 Bxe3 42. Nxb7 Ne5 43. Re1 d4 44. Be4
Ng4 45. Nc5 Rf2 46. Bg2 Rxa2 0-1

[Event "XIII TCh-RUS 1st League"]
[Site "Sochi RUS"]
[Date "2006.04.20"]
[Round "1"]
[White "Pokazanjev,N"]
[Black "Zakhartsov,V"]
[Result "1-0"]
[WhiteElo "2479"]
[BlackElo "2547"]
[EventDate "2006.04.20"]

1. e4 c5 2. Nf3 d6 3. d4 cxd4 4. Nxd4 Nf6 5. Nc3 a6 6. Be2 e5 7. Nb3 Be7 8.
O-O O-O 9. Kh1 b6 10. Be3 Bb7 11. f3 b5 12. a4 b4 13. Nd5 Nxd5 14. exd5 Qc7
15. Qd3 Nd7 16. c3 bxc3 17. bxc3 Rac8 18. c4 Rfe8 19. Rab1 Ba8 20. Rfd1 Bf8
21. Qd2 Rb8 22. c5 Nxc5 23. Nxc5 Rxb1 24. Rxb1 dxc5 25. Bxa6 Qa7 26. Bc4
Bd6 27. a5 Rb8 28. Rb5 Rc8 29. Qb2 Qe7 30. a6 h5 31. Qa2 Qf6 32. Qa1 Qh4
33. Qc1 Qe7 34. Rb6 Bc7 35. Rb5 Bd6 36. Qb1 g6 37. Rb6 Kg7 38. Qd3 Qc7 39.
Qb3 e4 40. fxe4 Bxh2 41. Bc1 Re8 42. Qb2+ Kh7 43. Qf6 Be5 44. d6 Qd7 45.
Qxf7+ Qxf7 46. Bxf7 Rf8 47. Bc4 Bxe4 48. Bb2 Bg3 49. d7 Bd5 50. Rf6 Rb8 51.
Bxd5 Rxb2 52. Rf1 1-0

[Event "XIII TCh-RUS 1st League"]
[Site "Sochi RUS"]
[Date "2006.04.20"]
[Round "1"]
[White "Nevostrujev,V"]
[Black "Panarin,M"]
[Result "1-0"]
[WhiteElo "2471"]
[BlackElo "2491"]
[EventDate "2006.04.20"]

1. e4 c5 2. Nf3 d6 3. d4 cxd4 4. Nxd4 Nf6 5. Nc3 a6 6. Be2 e5 7. Nb3 Be7 8.
O-O O-O 9. Be3 Be6 10. Qd2 Nbd7 11. a4 b6 12. Rfd1 Qc7 13. f3 Rfc8 14. Nc1
Bc4 15. N1a2 Bxe2 16. Qxe2 Qc4 17. Rd3 Bf8 18. b3 Qc7 19. Nb4 d5 20. Nbxd5
Nxd5 21. Nxd5 Qxc2 22. Qxc2 Rxc2 23. Nxb6 Nc5 24. Rd5 Rb8 25. Bxc5 Rxc5 26.
Nd7 Rxd5 27. Nxb8 Rd3 28. Rb1 Bc5+ 29. Kh1 Rd6 30. Rc1 f5 31. g3 Be3 32.
Rc8+ Kf7 33. exf5 Rd1+ 34. Kg2 Rd2+ 35. Kf1 Rf2+ 36. Ke1 Rxh2 37. g4 h5 38.
gxh5 Kf6 39. Nxa6 Kg5 40. Rc4 Bd4 41. Nb4 Rb2 42. Nc2 Rxb3 43. Nxd4 exd4
44. Kf2 Rb2+ 45. Ke1 Kxh5 46. Rxd4 Kg5 47. Rd5 Ra2 48. Ra5 Kf4 49. Kd1 Kxf3
50. Kc1 Ke4 51. Kb1 Rf2 52. Rb5 Kd4 53. a5 Kc4 54. Re5 Kd4 55. a6 Kxe5 56.
a7 Rf1+ 57. Kb2 Rf2+ 58. Kb3 Rf3+ 59. Kb4 Rf4+ 60. Kb5 Rxf5 61. a8=Q Kf6+
62. Kc6 Kg6 63. Qg8 Rf6+ 64. Kd7 Kh6 65. Ke7 Kg6 66. Ke8 Kh6 67. Kd7 Kg6
68. Ke7 Kh6 69. Qh8+ Kg6 70. Qh3 Rf7+ 71. Ke6 Rf6+ 72. Ke7 Rf7+ 73. Ke8 Rf6
74. Qd3+ Kh6 75. Ke7 Kg5 76. Qh7 g6 77. Qh3 Rf5 78. Qh7 Rd5 79. Qh1 Rf5 80.
Qh3 Rf4 81. Qg3+ Rg4 82. Qe5+ Kh4 83. Qh2+ Kg5 84. Kf7 Rf4+ 85. Kg7 Rg4 86.
Qh3 Kf4 87. Kf6 Rg3 88. Qf1+ Ke3 89. Ke6 Rg4 90. Qf6 Re4+ 91. Kd5 Rg4 92.
Qc3+ Kf4 93. Ke6 Kg5 94. Qd2+ Kh4 95. Qh2+ Kg5 96. Ke5 Ra4 97. Qd2+ Kh5 98.
Qh2+ Kg5 99. Qg1+ Rg4 100. Qe3+ Kh4 101. Kf6 g5 102. Kf5 Rf4+ 103. Kg6 Rg4
104. Qf3 Rf4 105. Qh5+ Kg3 106. Kxg5 Ra4 107. Qe2 Ra5+ 108. Kg6 Ra3 109.
Qe1+ Kg2 110. Kg5 Rg3+ 111. Kf4 Rf3+ 112. Kg4 Rf2 113. Qe4+ Kf1 114. Kg3
Rd2 115. Qc4+ Ke1 116. Kf3 Rd3+ 117. Ke4 Rh3 118. Qe6 Rc3 119. Kd4+ Kd2
120. Qa2+ Rc2 121. Qa3 Kd1 122. Qa1+ Ke2 123. Qh1 Rd2+ 124. Ke4 Kf2 125.
Qh2+ Ke1 126. Qg3+ Kf1 127. Qh3+ Kg1 128. Qh4 Ra2 129. Qg3+ Kf1 130. Qd3+
Kg2 131. Ke3 Rf2 1-0